Southville International School and Colleges
Your cart is empty.
  • Cart
  • Lists
    Public lists Eva Luna New books Lux_list list_1
    Your lists Log in to create your own lists
  • Log in to your account
  • Your cookies
  • Search history
Southville International School and Colleges
  • Advanced search
  • Recent comments
  • Most popular
  • Libraries

Log in to your account

Log in with GOOGLE


If you do not have an external account, but do have a local account, you can still log in:

  1. Home
  2. MARC view: Information security analytics :
Normal view MARC view ISBD view

Information security analytics : (Record no. 295582)

[ view plain ]
MARC details
000 -LEADER
fixed length control field 00531nam a22001697a 4500
003 - CONTROL NUMBER IDENTIFIER
control field PILC
005 - DATE AND TIME OF LATEST TRANSACTION
control field 20191118103313.0
008 - FIXED-LENGTH DATA ELEMENTS--GENERAL INFORMATION
fixed length control field 160602b xxu||||| |||| 00| 0 eng d
020 ## - INTERNATIONAL STANDARD BOOK NUMBER
International Standard Book Number 9780128002070
050 ## - LIBRARY OF CONGRESS CALL NUMBER
Classification number QA 76.9.A25
Item number .T137 2015
100 ## - MAIN ENTRY--PERSONAL NAME
Personal name Talabis, Mark Ryan M.
245 ## - TITLE STATEMENT
Title Information security analytics :
Remainder of title finding security insights, patterns and anomalies in big data /
260 ## - PUBLICATION, DISTRIBUTION, ETC. (IMPRINT)
Place of publication, distribution, etc USA :
Name of publisher, distributor, etc Elsevier,
Date of publication, distribution, etc 2015.
300 ## - PHYSICAL DESCRIPTION
Extent xv, 166 pages :
Other physical details illustrations ;
Dimensions 23 cm.
500 ## - GENERAL NOTE
General note Includes index.
942 ## - ADDED ENTRY ELEMENTS (KOHA)
Source of classification or shelving scheme Library of Congress Classification
Koha item type Books
Holdings
Withdrawn status Lost status Source of classification or shelving scheme Damaged status Home library Current library Shelving location Date acquired Source of acquisition Total Checkouts Full call number Barcode Date last seen Price effective from Koha item type
    Library of Congress Classification   College Library College Library Graduate Section 06/02/2016 Library Fund   QA 76.9.A25 .T137 2015 C20584 05/15/2018 06/02/2016 Books

Information security analytics :

APA

Talabis M. R. M., . (2015). Information security analytics. USA: Elsevier.

Chicago

Talabis Mark Ryan M, . 2015. Information security analytics. USA: Elsevier.

Harvard

Talabis M. R. M., . (2015). Information security analytics. USA: Elsevier.

MLA

Talabis Mark Ryan M, . Information security analytics. USA: Elsevier. 2015.

  • Place hold
  • Print
  • Cite
  • Add to your cart (remove)
  • Save record
    BIBTEX Dublin Core MARCXML MARC (non-Unicode/MARC-8) MARC (Unicode/UTF-8) MARC (Unicode/UTF-8, Standard) MODS (XML) RIS
  • More searches
    Search for this title in:
    Other Libraries (WorldCat) Other Databases (Google Scholar) Online Stores (Bookfinder.com) Open Library (openlibrary.org)

Exporting to Dublin Core...

SOUTHVILLE LIBRARY

Southville International School and Colleges Library

1281 Tropical Ave. Cor. Luxembourg St., BF Homes International, Las Pinas City

Tel. No. 8256374 / 252358 Loc. 117/146

Powered by Koha